000 00539nam a2200181 i 4500
001 117565
003 ES-MaACL
005 20250727021738.0
007 t|
008 070214s1971 sp r ||||1| spa d
100 1 _aPanyella, Augusto.
_988831
245 1 0 _aRazas humanas /
_cAugusto Panyella.
260 _aBarcelona :
_bRamón Sopena,
_c1971.
300 _a703 p., 13 lám. :
_bil. ;
_c21 cm.
650 7 _aAntropología cultural y social
_2embne
_99867
852 _aES-MaACL
_jC-39549
_bR.77015
999 _c117565
_d117565